000 00775nam a2200241Ia 4500
001 9200
003 GE_BSU
008 181216s||||||||xx |||||||||||||| ||und||
040 _cGE_BSU
080 _a821.353.1–31
100 _aლორთქიფანიძე,კონსტანტინე
245 _aიმერეთი. წ.2
245 _bრომანი. მორევი. ნაწ.1.
245 _cრედ.ი.აბაშიძე.მხატვ.ს.კეცხოველი
260 _aთბილისი
260 _bფედერაცია
260 _c1941
300 _a151გვ .ილ.15სმ.
653 _aიმერეთი
653 _aმორევი.
653 _aრომანი
942 _cBK
999 _c42503
_d42503